[Event "BCF-chT2a 0809 (4NCL)"]
[Site "Hinckley Island"]
[Date "2008.10.05"]
[Round "2.5"]
[White "Richter, Hans S"]
[Black "Howell, Chris I"]
[Result "1-0"]
[WhiteElo "2148"]
[BlackElo "2101"]
[PlyCount "87"]
[EventDate "2008.10.04"]
[EventType "team-tourn"]
[EventRounds "7"]
[EventCountry "ENG"]
[SourceTitle "EXT 2010"]
[Source "ChessBase"]
[SourceDate "2010.11.25"]
[SourceVersion "1"]
[SourceVersionDate "2010.11.25"]
[SourceQuality "1"]
[WhiteTeam "Poisoned Pawns"]
[BlackTeam "Jutes of Kent"]
[WhiteTeamCountry "ENG"]
[BlackTeamCountry "ENG"]

1. d4 Nf6 2. c4 g6 3. Nc3 Bg7 4. e4 d6 5. Nf3 0-0 6. Be2 Na6 7. 0-0 c5 8. d5 Nc7 9. h3 b5 10. cxb5 a6 11. bxa6 Bxa6 12. Bf4 Qb8 13. Rb1 Nb5 14. Bxb5 Bxb5 15. Re1 Nh5 16. Bg5 f6 17. Be3 Bh8 18. Nh2 Bd7 19. Ng4 Bg7 20. Nh6+ Bxh6 21. Bxh6 Ng7 22. f4 Qb4 23. Qe2 Qd4+ 24. Kh2 Rfb8 25. a3 c4 26. Rbd1 Qb6 27. Bxg7 Kxg7 28. Rd2 Qb3 29. e5 Re8 30. Qf2 Bf5 31. Rde2 fxe5 32. fxe5 Bd3 33. Re3 Rf8 34. Qh4 dxe5 35. Rxe5 Rf7 36. Rxe7 Raf8 37. R1e6 Kg8 38. Rxf7 Rxf7 39. Re8+ Kg7 40. Qd4+ Kh6 41. Ne4 Qc2 42. Qe3+ Kg7 43. Ng5 Rf2 44. Ne6+ 1-0

[Event "BCF-chT2a 0809 (4NCL)"]
[Site "Hinckley Island"]
[Date "2008.10.04"]
[Round "1.7"]
[White "Howell, Chris I"]
[Black "Coates, David H"]
[Result "1/2-1/2"]
[WhiteElo "2101"]
[BlackElo "2012"]
[PlyCount "134"]
[EventDate "2008.10.04"]
[EventType "team-tourn"]
[EventRounds "7"]
[EventCountry "ENG"]
[SourceTitle "EXT 2010"]
[Source "ChessBase"]
[SourceDate "2010.11.25"]
[SourceVersion "1"]
[SourceVersionDate "2010.11.25"]
[SourceQuality "1"]
[WhiteTeam "Jutes of Kent"]
[BlackTeam "Pandoras Box"]
[WhiteTeamCountry "ENG"]
[BlackTeamCountry "ENG"]

1. e4 c5 2. a3 g6 3. b4 Bg7 4. Nc3 d6 5. Nf3 e5 6. bxc5 dxc5 7. Bc4 Ne7 8. d3 Nbc6 9. 0-0 0-0 10. Rb1 Nd4 11. Bg5 Qd6 12. Bxe7 Qxe7 13. Nd5 Qd8 14. c3 Nc6 15. Qd2 b6 16. h3 h6 17. Ne3 Qd6 18. Bd5 Bb7 19. Nc4 Qc7 20. Rb2 Rad8 21. Rfb1 Ba8 22. Qe3 Ne7 23. Bxa8 Rxa8 24. a4 Rab8 25. Nfd2 Rfd8 26. a5 Nc8 27. Rb5 Qd7 28. axb6 axb6 29. Nf3 Qxd3 30. Nfxe5 Qxe3 31. fxe3 Nd6 32. Nxd6 Rxd6 33. Nc4 Rd3 34. R1b3 Re8 35. Rxb6 Rxe4 36. Nd6 Rexe3 37. Rb8+ Kh7 38. Nxf7 Re7 39. Nd8 Rxc3 40. Rxc3 Bxc3 41. Rb7 Rxb7 42. Nxb7 Kg7 43. Kf1 Bd4 44. Ke2 Kf6 45. Nd6 Ke6 46. Nc4 Kd5 47. Kd3 h5 48. Nd2 Be5 49. Nc4 Bd4 50. Nd2 h4 51. Nc4 g5 52. Nd2 Ke5 53. Nc4+ Kf4 54. Ke2 Kg3 55. Kf1 Kh2 56. Nd2 Be3 57. Nc4 Bf4 58. Nb2 Kg3 59. Nc4 Bc1 60. Ne5 Ba3 61. Nc4 Bb4 62. Nd6 Kf4 63. Ke2 Ke5 64. Nf7+ Kf6 65. Nd6 Ke6 66. Nc4 Kd5 67. Kd3 Be1 1/2-1/2

[Event "BCF-chT2 0708 (4NCL)"]
[Site "Sunningdale"]
[Date "2008.03.02"]
[Round "8.7"]
[White "Howell, Chris I"]
[Black "Goodger, Martyn"]
[Result "0-1"]
[WhiteElo "2107"]
[BlackElo "2113"]
[PlyCount "124"]
[EventDate "2007.09.15"]
[EventType "team-tourn"]
[EventRounds "11"]
[EventCountry "ENG"]
[SourceTitle "EXT 2023"]
[Source "ChessBase"]
[SourceDate "2022.10.05"]
[SourceVersion "1"]
[SourceVersionDate "2022.10.05"]
[SourceQuality "1"]
[WhiteTeam "Guildford III"]
[BlackTeam "Poisoned Pawns"]
[WhiteTeamCountry "ENG"]
[BlackTeamCountry "ENG"]

1. e4 d5 2. exd5 Qxd5 3. Nf3 Bg4 4. Be2 Nc6 5. Nc3 Qa5 6. 0-0 0-0-0 7. d3 h6 8. h3 Bh5 9. a3 e6 10. Be3 Bxf3 11. Bxf3 Nd4 12. b4 Qe5 13. Na4 Nf6 14. Re1 Nxf3+ 15. Qxf3 Qd5 16. Qe2 Kb8 17. Nb2 g5 18. c4 Qf5 19. g4 Qg6 20. Kg2 Bg7 21. Rad1 h5 22. f3 Nd7 23. d4 f5 24. Qc2 Qf6 25. Qd2 fxg4 26. fxg4 hxg4 27. hxg4 Rh4 28. Qe2 Rdh8 29. Rh1 Qh6 30. Rxh4 Qxh4 31. Rg1 Qh2+ 32. Kf1 Qxe2+ 33. Kxe2 Rh2+ 34. Bf2 Rxf2+ 35. Kxf2 Bxd4+ 36. Kg2 Bxg1 37. Kxg1 Ne5 38. Kg2 Nxg4 39. Kf3 Nf6 40. Nd3 c6 41. Ne5 Kc7 42. Nf7 g4+ 43. Kf4 b5 44. cxb5 cxb5 45. Ke5 g3 46. Ng5 g2 47. Nf3 Nd5 48. Ng1 Kd7 49. Ke4 Nb6 50. Kf3 Nc4 51. Kxg2 Nxa3 52. Nf3 Kd6 53. Ne1 Kd5 54. Nd3 Kc4 55. Nc5 Kxb4 56. Nxe6 Kc3 57. Kf3 b4 58. Ke4 b3 59. Nc5 b2 60. Na4+ Kc2 61. Nxb2 Kxb2 62. Kd4 Kb3 0-1

[Event "BCF-chT3 0607 (4NCL)"]
[Site "Sunningdale"]
[Date "2007.05.07"]
[Round "11.13"]
[White "Kwiatkowski, Feliks Jerzy"]
[Black "Howell, Chris I"]
[Result "1-0"]
[WhiteElo "2246"]
[BlackElo "2112"]
[PlyCount "49"]
[EventDate "2006.09.16"]
[EventType "team"]
[EventRounds "11"]
[EventCountry "ENG"]
[SourceTitle "EXT 2008"]
[Source "ChessBase"]
[SourceDate "2007.11.25"]
[SourceVersion "1"]
[SourceVersionDate "2007.11.25"]
[SourceQuality "1"]
[WhiteTeam "Kings Head"]
[BlackTeam "Guildford IV"]
[WhiteTeamCountry "ENG"]
[BlackTeamCountry "ENG"]

1. e4 c5 2. Nf3 Nc6 3. d4 cxd4 4. Nxd4 Nf6 5. Nc3 e5 6. Ndb5 d6 7. Bg5 a6 8. Na3 b5 9. Nd5 Qa5+ 10. Bd2 Qd8 11. c4 bxc4 12. Nxf6+ Qxf6 13. Bxc4 Qg6 14. Bd5 Bd7 15. 0-0 Be7 16. Rc1 Rc8 17. Rc3 h5 18. Rg3 Qh7 19. Nc4 Nd4 20. Nb6 Bb5 21. Nxc8 Ne2+ 22. Kh1 Nxg3+ 23. fxg3 h4 24. Bxf7+ Kd8 25. Ba5+ 1-0